000 00606nam a2200217Ia 4500
003 OSt
005 20241024045902.0
008 240925s9999 xx 000 0 und d
020 _a9698278001
040 _csd
082 _a413 IBR
100 _aIbraheem, Najib
245 0 _aDictionary and Guide of International Languages English, French, Spanish ,Italian, Portuguese, Arabic
250 _aNA
260 _aRawalpindi:
_bArmy Press
_c,1995.
300 _axii,592p.
_bNA
_fOriginal
500 _aIncludes Index
600 _aHumanities & Natural Science
650 _aLinguistics
942 _cBK
_2ddc
999 _c2779
_d2779